[Event "CZE-ch U16 Girls"]
[Site "Kouty nad Desnou"]
[Date "2024.03.12"]
[Round "5"]
[White "Sikorova, Jana"]
[Black "Kavanova, Anezka"]
[Result "1/2-1/2"]
[WhiteElo "1788"]
[BlackElo "1661"]
[PlyCount "77"]
[EventDate "2024.03.09"]
[EventType "swiss"]
[EventRounds "9"]
[EventCountry "CZE"]
[SourceTitle "CB12_2024"]
[SourceDate "2023.10.01"]
[SourceVersion "1"]
[SourceVersionDate "2023.10.01"]
[SourceQuality "1"]

1. d4 d5 2. c4 e6 3. Nf3 c5 4. cxd5 exd5 5. Nc3 Nc6 6. e3 Nf6 7. Be2 Be7 8. 0-0 0-0 9. dxc5 Bxc5 10. Nb5 Bf5 11. b3 a6 12. Nbd4 Be4 13. Bb2 Rc8 14. Rc1 Ba7 15. Nxc6 Rxc6 16. Qd2 Rxc1 17. Rxc1 Qe7 18. Bd4 Bxd4 19. Qxd4 Qa3 20. Qd2 h6 21. h3 Rd8 22. Nd4 Bg6 23. Rc7 Rd7 24. Rxd7 Nxd7 25. Qc3 Qc5 26. Qxc5 Nxc5 27. Kf1 Kf8 28. Bg4 Ke8 29. Ke2 h5 30. Bf5 Bxf5 31. Nxf5 g6 32. Nd4 Kd7 33. f3 Kd6 34. Kd2 Ne6 35. Kc3 Kc5 36. b4+ Kd6 37. f4 Nxd4 38. Kxd4 h4 39. a3 1/2-1/2

[Event "CZE-ch U16 Girls"]
[Site "Kouty nad Desnou"]
[Date "2024.03.11"]
[Round "4"]
[White "Kaplanova, Dominika"]
[Black "Sikorova, Jana"]
[Result "1/2-1/2"]
[WhiteElo "1837"]
[BlackElo "1788"]
[PlyCount "65"]
[EventDate "2024.03.09"]
[EventType "swiss"]
[EventRounds "9"]
[EventCountry "CZE"]
[SourceTitle "CB12_2024"]
[SourceDate "2023.10.01"]
[SourceVersion "1"]
[SourceVersionDate "2023.10.01"]
[SourceQuality "1"]

1. d4 Nf6 2. c4 b6 3. Nc3 Bb7 4. Qc2 d5 5. cxd5 Nxd5 6. e4 Nxc3 7. bxc3 e6 8. Nf3 c5 9. Bb5+ Bc6 10. Bd3 Nd7 11. 0-0 Be7 12. Be3 Qc7 13. Rac1 Rc8 14. h3 cxd4 15. cxd4 Ba3 16. Ba6 Bxc1 17. Rxc1 Rd8 18. Bb5 0-0 19. Qxc6 Qxc6 20. Bxc6 Nf6 21. Bd2 Rc8 22. Ne5 Rfd8 23. Bc3 Rc7 24. f3 Nh5 25. Bb2 Nf4 26. Bb5 Rxc1+ 27. Bxc1 Ng6 28. Nxg6 hxg6 29. Bb2 Kf8 30. Ba3+ Kg8 31. Bb2 Kf8 32. Ba3+ Kg8 33. Bb2 1/2-1/2

[Event "Skalica op-B"]
[Site "Skalica"]
[Date "2023.08.26"]
[Round "8"]
[White "Romanova, Ela"]
[Black "Sikorova, Jana"]
[Result "0-1"]
[WhiteElo "1647"]
[BlackElo "1623"]
[PlyCount "134"]
[EventDate "2023.08.19"]
[EventType "swiss"]
[EventRounds "9"]
[EventCountry "SVK"]
[SourceTitle "CBM 215 Extra"]
[Source "ChessBase"]
[SourceDate "2023.09.30"]
[SourceVersion "1"]
[SourceVersionDate "2023.09.30"]
[SourceQuality "1"]

1. e4 c5 2. Nf3 a6 3. b3 e6 4. Bb2 d6 5. Nc3 Qc7 6. d4 cxd4 7. Nxd4 Nf6 8. Be2 b5 9. a3 Bb7 10. Qd3 Nbd7 11. f3 Be7 12. 0-0 0-0 13. Kh1 Rac8 14. g4 d5 15. Qe3 dxe4 16. fxe4 Ne5 17. g5 Nfd7 18. Nf3 Bc5 19. Qf4 Nxf3 20. Qxf3 Ne5 21. Qf4 Nc6 22. Bd3 Qxf4 23. Rxf4 Rfd8 24. Ne2 Nd4 25. Nxd4 Bxd4 26. Bxd4 Rxd4 27. Raf1 Rc7 28. Kg1 e5 29. Rf5 Re7 30. Re1 Bc8 31. Rf3 Re6 32. Ref1 Rd7 33. Kf2 h6 34. h4 Rg6 35. Rg1 hxg5 36. hxg5 Rd8 37. c4 Rgd6 38. Ke2 bxc4 39. Bxc4 Rd2+ 40. Ke3 Be6 41. Bxa6 Bxb3 42. Rf2 R2d6 43. Rb2 Rxa6 44. Rxb3 Rda8 45. Ra1 Kh7 46. Kf3 Ra4 47. Re3 Kg6 48. Rg1 Rxa3 49. Rxa3 Rxa3+ 50. Kf2 Rh3 51. Rd1 Kxg5 52. Rg1+ Kf4 53. Rxg7 Rf3+ 54. Ke2 Kxe4 55. Rg8 f5 56. Ra8 Kf4 57. Rh8 e4 58. Rh4+ Kg3 59. Rh8 e3 60. Rg8+ Kf4 61. Rh8 Rf2+ 62. Ke1 Kg3 63. Rg8+ Kf3 64. Rh8 f4 65. Rh3+ Kg2 66. Rh7 Rb2 67. Rg7+ Kf3 0-1

[Event "Skalica op-B"]
[Site "Skalica"]
[Date "2023.08.24"]
[Round "6"]
[White "Hasala, Richard"]
[Black "Sikorova, Jana"]
[Result "1-0"]
[WhiteElo "1789"]
[BlackElo "1623"]
[PlyCount "51"]
[EventDate "2023.08.19"]
[EventType "swiss"]
[EventRounds "9"]
[EventCountry "SVK"]
[SourceTitle "CBM 215 Extra"]
[Source "ChessBase"]
[SourceDate "2023.09.30"]
[SourceVersion "1"]
[SourceVersionDate "2023.09.30"]
[SourceQuality "1"]

1. e4 c5 2. Nf3 a6 3. c4 e6 4. Nc3 Qc7 5. d4 cxd4 6. Nxd4 Nf6 7. a3 b6 8. Bd3 Bb7 9. 0-0 Be7 10. Re1 d6 11. b4 Nbd7 12. f4 Rc8 13. Bb2 0-0 14. Qe2 Rfd8 15. Rad1 Nf8 16. f5 N6d7 17. fxe6 fxe6 18. Nxe6 Nxe6 19. Nd5 Bxd5 20. exd5 Bf6 21. Qxe6+ Kh8 22. Qf5 Kg8 23. Qxh7+ Kf8 24. Bg6 Ne5 25. Bxe5 dxe5 26. Qh8+ 1-0

[Event "CZE-ch U16 Girls"]
[Site "Teplice"]
[Date "2023.03.14"]
[Round "5"]
[White "Souralova, Jana"]
[Black "Sikorova, Jana"]
[Result "1/2-1/2"]
[WhiteElo "1187"]
[BlackElo "1735"]
[PlyCount "83"]
[EventDate "2023.03.11"]
[EventType "swiss"]
[EventRounds "9"]
[EventCountry "CZE"]
[SourceTitle "CBM 213 Extra"]
[Source "ChessBase"]
[SourceDate "2023.05.31"]
[SourceVersion "1"]
[SourceVersionDate "2023.05.31"]
[SourceQuality "1"]

1. e4 c5 2. Nf3 e6 3. Be2 a6 4. 0-0 Qc7 5. d4 cxd4 6. Nxd4 Nf6 7. Nc3 b5 8. Bf3 Nc6 9. Nxc6 dxc6 10. Be3 Bb7 11. Qe2 Be7 12. Rad1 0-0 13. a3 c5 14. Rd2 Rad8 15. Rfd1 Rd7 16. Bf4 Rxd2 17. Qxd2 Qc8 18. Qe3 Rd8 19. Rd2 Rxd2 20. Qxd2 b4 21. axb4 cxb4 22. Na4 Bxe4 23. Bxe4 Nxe4 24. Qd3 Qc6 25. b3 h6 26. h3 Nc5 27. Qc4 Qe4 28. Qxe4 Nxe4 29. Kf1 Kf8 30. Ke2 Bd6 31. Bxd6+ Nxd6 32. Kd3 Ke7 33. Kd4 Nb5+ 34. Kc4 Na3+ 35. Kxb4 Nxc2+ 36. Ka5 Nd4 37. Nc5 Kd6 38. b4 Nc6+ 39. Ka4 Nb8 40. Ka5 Nc6+ 41. Ka4 Nb8 42. Ka5 1/2-1/2

[Event "CZE-ch U16 Girls"]
[Site "Teplice"]
[Date "2023.03.11"]
[Round "1"]
[White "Vacekova, Anita"]
[Black "Sikorova, Jana"]
[Result "1-0"]
[WhiteElo "1350"]
[BlackElo "1735"]
[PlyCount "49"]
[EventDate "2023.03.11"]
[EventType "swiss"]
[EventRounds "9"]
[EventCountry "CZE"]
[SourceTitle "CBM 213 Extra"]
[Source "ChessBase"]
[SourceDate "2023.05.31"]
[SourceVersion "1"]
[SourceVersionDate "2023.05.31"]
[SourceQuality "1"]

1. e4 c5 2. Nf3 e6 3. d4 cxd4 4. Nxd4 a6 5. Bd3 b5 6. 0-0 Qb6 7. Nb3 Qc7 8. Be3 Bb7 9. N1d2 Nf6 10. Qe2 d6 11. a4 b4 12. f3 Nbd7 13. a5 Ne5 14. Rfc1 Be7 15. c3 Nxd3 16. Qxd3 bxc3 17. Rxc3 Qd7 18. Rac1 Bd8 19. Nc4 d5 20. Nb6 Bxb6 21. axb6 Qa4 22. Nc5 dxe4 23. Qd6 Qc6 24. Nxb7 Qxb7 25. Rc7 1-0

[Event "CZE-ch U14 Girls"]
[Site "Luhacovice"]
[Date "2022.03.12"]
[Round "1"]
[White "Sikorova, Jana"]
[Black "Filipova, Vanesa"]
[Result "0-1"]
[WhiteElo "1457"]
[BlackElo "1146"]
[PlyCount "94"]
[EventDate "2022.03.12"]
[EventType "swiss"]
[EventRounds "9"]
[EventCountry "CZE"]
[SourceTitle "EXT 2023"]
[Source "ChessBase"]
[SourceDate "2022.10.05"]
[SourceVersion "1"]
[SourceVersionDate "2022.10.05"]
[SourceQuality "1"]

1. d4 d5 2. c4 dxc4 3. e3 Nf6 4. Bxc4 e6 5. Nf3 Be7 6. 0-0 0-0 7. Nc3 c5 8. Qc2 Qc7 9. Bd3 Nc6 10. Ne4 Ng4 11. Nxc5 Nb4 12. Qc3 Bxc5 13. dxc5 Nxd3 14. Qxd3 Qxc5 15. Bd2 b6 16. Rac1 Qh5 17. Rc7 a5 18. Rfc1 e5 19. Bc3 Ba6 20. Qd5 Be2 21. h3 Nf6 22. Qxe5 Bxf3 23. Qg3 Qf5 24. Bxf6 Qxf6 25. Qxf3 Qxb2 26. Qc6 h6 27. Rc2 Qa1+ 28. Kh2 Qe5+ 29. g3 b5 30. Rb7 b4 31. Qc5 Qe4 32. Rb5 Rfd8 33. Qf5 Qxf5 34. Rxf5 Rd1 35. Rc7 f6 36. Rc2 a4 37. Rb5 Rb1 38. Kg2 Kh7 39. Kf3 b3 40. axb3 a3 41. Rb7 a2 42. Rcc7 Rg8 43. Ra7 a1Q 44. Rxa1 Rxa1 45. Rb7 Rb1 46. b4 Rc8 47. b5 Rc5 0-1

[Event "CZE-chT2F 2122"]
[Site "Czech Republic"]
[Date "2022.02.27"]
[Round "9.7"]
[White "Gerych, Jan"]
[Black "Sikorova, Jana"]
[Result "1-0"]
[WhiteElo "2013"]
[BlackElo "1427"]
[PlyCount "47"]
[EventDate "2021.10.17"]
[EventType "team-tourn"]
[EventRounds "11"]
[EventCountry "CZE"]
[SourceTitle "EXT 2024"]
[Source "ChessBase"]
[SourceDate "2023.10.10"]
[SourceVersion "1"]
[SourceVersionDate "2023.10.10"]
[SourceQuality "1"]
[WhiteTeam "Litovel Tatran"]
[BlackTeam "Trinec II"]
[WhiteTeamCountry "CZE"]
[BlackTeamCountry "CZE"]

1. e4 c5 2. Nf3 e6 3. c3 d5 4. exd5 Qxd5 5. d4 Nf6 6. Be2 Nc6 7. 0-0 Be7 8. Na3 0-0 9. Nb5 Qd7 10. Ne5 Nxe5 11. dxe5 Nd5 12. c4 Nb6 13. Qc2 Qd8 14. Be3 Bd7 15. Rad1 a6 16. Nd6 Qc7 17. f4 Rfd8 18. Nxf7 Kxf7 19. Qxh7 Rg8 20. Bh5+ Kf8 21. Rxd7 Qxd7 22. f5 Qc7 23. fxe6+ Bf6 24. exf6 1-0

[Event "Bohumin op 4th"]
[Site "Bohumin"]
[Date "2021.07.08"]
[Round "6"]
[White "Sebesta, Jan2222"]
[Black "Sikorova, Jana"]
[Result "1-0"]
[WhiteElo "1723"]
[BlackElo "1243"]
[PlyCount "83"]
[EventDate "2021.07.03"]
[EventType "swiss"]
[EventRounds "9"]
[EventCountry "CZE"]
[SourceTitle "CBM 203 Extra"]
[Source "ChessBase"]
[SourceDate "2021.09.30"]
[SourceVersion "1"]
[SourceVersionDate "2021.09.30"]
[SourceQuality "1"]

1. e4 c5 2. c3 Nf6 3. e5 Nd5 4. d4 cxd4 5. Nf3 e6 6. cxd4 b6 7. Nc3 Nxc3 8. bxc3 Qc7 9. Bd2 Bb7 10. Bd3 d6 11. 0-0 Nd7 12. exd6 Bxd6 13. h3 0-0 14. Rc1 Rac8 15. c4 Nf6 16. Be3 Qe7 17. Re1 Rc7 18. Ne5 Rfc8 19. Bg5 h6 20. Bh4 Qd8 21. Qd2 Be7 22. Re3 Nd7 23. Bxe7 Qxe7 24. Rg3 Nxe5 25. dxe5 Kh8 26. Qf4 Qc5 27. Re1 Rd7 28. Qg4 Rg8 29. Ree3 Qd4 30. Qh5 Qc3 31. Kh2 Qd2 32. Be2 Qxa2 33. Rg4 Qb2 34. Reg3 f5 35. exf6 Qxf6 36. Bd3 Rgd8 37. Rg6 Qf8 38. Bc2 Rc7 39. Qe5 Qf7 40. Rxh6+ Kg8 41. Rf6 Qd7 42. Qh5 1-0

[Event "CZE-ch U12 Girls"]
[Site "Kouty nad Desnou"]
[Date "2020.03.09"]
[Round "4"]
[White "Rybackova, Lucie"]
[Black "Sikorova, Jana"]
[Result "1-0"]
[WhiteElo "1328"]
[BlackElo "1214"]
[PlyCount "121"]
[EventDate "2020.03.07"]
[EventType "swiss"]
[EventRounds "7"]
[EventCountry "CZE"]
[SourceTitle "CBM 195 Extra"]
[Source "ChessBase"]
[SourceDate "2020.05.31"]
[SourceVersion "1"]
[SourceVersionDate "2020.05.31"]
[SourceQuality "1"]

1. e4 c5 2. Nf3 e6 3. d4 cxd4 4. Nxd4 a6 5. Nb3 Qc7 6. Bd3 Nf6 7. 0-0 Be7 8. Nc3 b5 9. Qe2 d6 10. f4 Nbd7 11. Nd1 Bb7 12. Nf2 0-0 13. Bd2 Rac8 14. Rfe1 Nc5 15. Nxc5 Qxc5 16. c3 Rfe8 17. a4 Red8 18. axb5 axb5 19. Bxb5 Nxe4 20. Be3 Qc7 21. Nxe4 Bxe4 22. Ra7 Bb7 23. Ba6 Rb8 24. Qb5 Rd7 25. Bxb7 Rxb7 26. Ra8+ Bd8 27. Qg5 Rxb2 28. Bd4 f6 29. Bxf6 Rb8 30. Bxd8 Rdxd8 31. Rxb8 Rxb8 32. Qg4 Qc5+ 33. Kf1 Qf5 34. Qxf5 exf5 35. Rd1 Rc8 36. Rxd6 Rxc3 37. Rd8+ Kf7 38. Rd7+ Kf6 39. Ke1 Rc2 40. Rd2 Rxd2 41. Kxd2 h6 42. Kd3 g6 43. Kd4 g5 44. g3 Ke6 45. Kc5 Kf6 46. Kd6 h5 47. h4 g4 48. Kd5 Kf7 49. Ke5 Kg7 50. Kxf5 Kf7 51. Ke5 Ke7 52. f5 Kf7 53. f6 Kf8 54. Kf5 Kf7 55. Kg5 Kg8 56. Kxh5 Kh7 57. Kg5 Kg8 58. h5 Kf7 59. h6 Kg8 60. Kg6 Kh8 61. Kf7 1-0

[Event "CZE-ch U10 Girls"]
[Site "Kouty nad Desnou"]
[Date "2017.03.15"]
[Round "6"]
[White "Sikorova, Jana"]
[Black "Sehnoutkova, Laura"]
[Result "1-0"]
[WhiteElo "1061"]
[BlackElo "1100"]
[PlyCount "91"]
[EventDate "2017.03.11"]
[EventType "swiss"]
[EventRounds "9"]
[EventCountry "CZE"]
[SourceTitle "CBM 177 Extra"]
[Source "ChessBase"]
[SourceDate "2017.04.27"]
[SourceVersion "1"]
[SourceVersionDate "2017.04.27"]
[SourceQuality "1"]

1. d4 d5 2. Nf3 Nf6 3. Bf4 Nc6 4. e3 a6 5. c4 Bg4 6. Be2 e6 7. 0-0 Be7 8. Nc3 0-0 9. Qb3 Na5 10. Qa4 Nc6 11. a3 Qd7 12. b4 Bxf3 13. gxf3 Rfd8 14. Kh1 Nh5 15. Bg3 Nxg3+ 16. fxg3 b5 17. cxb5 axb5 18. Qxb5 Nb8 19. Qxd7 Rxd7 20. Bb5 c6 21. Ba4 Rc7 22. Rfc1 Na6 23. b5 cxb5 24. Bxb5 Nb8 25. a4 Rca7 26. Nxd5 exd5 27. Rc8+ Bf8 28. Rac1 h6 29. R1c5 Nd7 30. Bxd7 Rxd7 31. Rxa8 f6 32. Rcc8 Kf7 33. Rxf8+ Ke7 34. Rae8+ Kd6 35. Rd8 Rxd8 36. Rxd8+ Ke7 37. Rxd5 g6 38. a5 Ke6 39. e4 f5 40. a6 fxe4 41. fxe4 h5 42. a7 g5 43. a8Q Ke7 44. Qa7+ Ke6 45. Qa6+ Ke7 46. Rb5 1-0